Aktuálny vývoj mzdových rozdielov mužov a žien v EÚ a pozícia Slovenska bakalárska práca

Gespeichert in:
Bibliographische Detailangaben
1. Verfasser: Gašpercová, Paula
Körperschaft: Národohospodárska fakulta EU. Katedra hospodárskej politiky
Weitere Verfasser: Tóth, Peter, 1978-
Format: Buch
Sprache:Slowakisch
Veröffentlicht: Bratislava 2024
Tags: Tag hinzufügen
Keine Tags, Fügen Sie das erste Tag hinzu!

MARC

LEADER 00000nbm a2200000 4500
001 0301593
005 20250304112329.7
041 0 |a slo 
044 |a SK 
245 1 0 |a Aktuálny vývoj mzdových rozdielov mužov a žien v EÚ a pozícia Slovenska  |b bakalárska práca  |c Paula Gašpercová ; školiteľ: Peter Tóth 
264 1 |a Bratislava  |c 2024 
300 |a 37 s. 
100 1 |a Gašpercová, Paula 
700 1 |a Tóth, Peter, 1978- 
710 2 |a Národohospodárska fakulta EU. Katedra hospodárskej politiky